A reference guide to television's Bonanza : episodes, personnel and broadcast history /

Bibliographic Details
Main Author: Leiby, Bruce R.
Other Authors: Leiby, Linda F., 1947-
Format: Book
Language:English
Published: Jefferson, N.C. : McFarland, [2001]
Subjects:

MARC

Tag First Indicator Second Indicator Subfields
LEADER 00000pam a22000004a 4500
001 in00001660708
005 20151023092638.0
008 010410s2001 ncua b 001 0deng
010 |a  2001031500 
020 |a 0786410205 (lib. bdg. : alk. paper) 
035 |a (OCoLC)ocm46732539 
040 |a DLC  |c DLC  |d TXA  |d UtOrBLW 
042 |a pcc 
049 |a TXAM 
050 0 0 |a PN1992.77.B59  |b L45 2001 
082 0 0 |a 791.45/72  |2 21 
100 1 |a Leiby, Bruce R. 
245 1 2 |a A reference guide to television's Bonanza :  |b episodes, personnel and broadcast history /  |c by Bruce R. Leiby and Linda F. Leiby. 
264 1 |a Jefferson, N.C. :  |b McFarland,  |c [2001] 
264 4 |c ©2001 
300 |a viii, 376 pages :  |b illustrations ;  |c 24 cm. 
336 |a text  |b txt  |2 rdacontent 
337 |a unmediated  |b n  |2 rdamedia 
338 |a volume  |b nc  |2 rdacarrier 
504 |a Includes bibliographical references (pages 332-340) and index. 
630 0 0 |a Bonanza (Television program) 
700 1 |a Leiby, Linda F.,  |d 1947- 
948 |a cataloged  |b h  |c 2001/11/13  |d c  |e dmitchel  |f 10:14:10 am 
994 |a E0  |b TXA 
999 |a MARS 
999 f f |s ab54712f-a3a2-3132-9e5d-5f44caef7796  |i 6f59bcac-879f-3e16-91ac-250359bdb28f  |t 0 
952 f f |p ric  |a Texas A&M University  |b Rellis Campus  |c Joint Library Facility  |d Remote Storage  |t 0  |e PN1992.77.B59 L45 2001  |h Library of Congress classification  |i unmediated -- volume  |m A14828311943 
998 f f |a PN1992.77.B59 L45 2001  |t 0  |l Remote Storage